000 00946nam a22003137a 4500
003 CHAP
005 20220817042052.0
008 971013s1963 r 00010 d
010 _a33623
011 _a34595
035 _a38711
040 _cCHAP
082 _a338.9
_bM42
100 0 0 _aMedina Echavarria, José.
_973957
245 _aEconomic development in Latin America
_b: sociological considerations
260 _a(s.l.) :
_bCEPAL,
_c1963
300 _a646 p
490 _aE/CN.12/646
590 _aBATCH-UPD
_b10
_c20130110
_lUCH01
_h1026
590 _aBATCH-UPD
_b10
_c20130410
_lUCH01
_h0630
590 _aBATCH-UPD
_b10
_c20130914
_lUCH01
_h1149
590 _aCONVERSION
_b10
_c20130109
_lUCH01
_h1319
650 1 4 _aAmerica Latina
_xCondiciones sociales.
_95395
650 1 4 _aDesarrollo económico.
830 0 _aE/CN.12/646
_934972
901 _aBK
942 _cLIBRO
949 _a338.9 M42
_bBC
_cBPA
_d-88466
_eBPA
_h6513
_i38711
_mD
_si
999 _c33623
_d33623